[Event "URS-chT"]
[Site "Riga"]
[Date "1975.??.??"]
[Round "?"]
[White "Karpov, Anatoly"]
[Black "Petrosian, Tigran V"]
[Result "1/2-1/2"]
[WhiteElo "2705"]
[BlackElo "2645"]
[PlyCount "30"]
[EventDate "1975.??.??"]
[Source "ChessBase"]

1. e4 e5 2. Nf3 Nc6 3. Bb5 a6 4. Ba4 Nf6 5. O-O Be7 6. Bxc6 dxc6 7. d3 Nd7 8. Nbd2 O-O 9. Nc4 f6 10. Nh4 Nc5 11. Nf5 Bxf5 12. exf5 Qd5 13. Qg4 e4 14. Ne3 Qe5 15. Nc4 Qd5 1/2-1/2

[Event "cm4"]
[Site "Reykjavik ISL"]
[Date "1977.??.??"]
[Round "12"]
[White "Hort, Vlastimil"]
[Black "Spassky, Boris V"]
[Result "1/2-1/2"]
[WhiteElo "2620"]
[BlackElo "2610"]
[PlyCount "79"]
[EventDate "1977.??.??"]
[Source "www.chesslib.no"]
[SourceDate "2004.05.04"]

1. e4 e5 2. Nf3 Nc6 3. Bb5 a6 4. Ba4 Nf6 5. O-O Be7 6. Bxc6 dxc6 7. d3 Nd7 8. Nbd2 O-O 9. Nc4 f6 10. Nh4 Nc5 11. Qf3 Ne6 12. Nf5 Nd4 13. Nxd4 Qxd4 14. Be3 Qd8 15. Na5 Bb4 16. Nb3 Bd6 17. Qe2 Qe7 18. f3 a5 19. a4 Be6 20. Nd2 Bc5 21. Qf2 Bxe3 22. Qxe3 Qb4 23. b3 Rfd8 24. Rfc1 Rd7 25. Nf1 b6 26. Ng3 Qd4 27. Qxd4 Rxd4 28. Ne2 Rd7 29. Kf2 c5 30. Nc3 Rf8 31. Re1 g5 32. g3 Rg7 33. Re3 Kf7 34. Rh1 Rfg8 35. Ree1 h5 36. Nd1 h4 37. Ne3 Rh7 38. Ng2 Bh3 39. Ne3 Be6 40. Ng2 1/2-1/2

[Event "Corr"]
[Site "?"]
[Date "1999.06.30"]
[Round "?"]
[White "Rittner Horst Robert (GER)"]
[Black "Volchok Alexander"]
[Result "1/2-1/2"]
[WhiteElo "2601"]
[BlackElo "2602"]
[PlyCount "61"]
[EventDate "1999.??.??"]
[Source "www.chesslib.no"]
[SourceDate "2004.05.04"]

1. e4 e5 2. Nf3 Nc6 3. Bb5 a6 4. Ba4 Nf6 5. O-O Be7 6. Bxc6 dxc6 7. Qe1 c5 8. Nxe5 Qd4 9. Nd3 Qxe4 10. Qxe4 Nxe4 11. Re1 f5 12. f3 c4 13. Ne5 Nd6 14. d3 cxd3 15. Nxd3 Kf7 16. Nc3 Re8 17. Nd5 Bd8 18. Rxe8 Nxe8 19. Be3 Nf6 20. N5f4 g5 21. Ne5+ Kf8 22. Nfd3 f4 23. Bc5+ Be7 24. Bxe7+ Kxe7 25. Re1 Kf8 26. g3 fxg3 27. hxg3 Bf5 28. g4 Bxd3 29. Nxd3 Nd7 30. f4 gxf4 31. Rf1 1/2-1/2

[Event "Hastings ENG"]
[Site "Hastings ENG"]
[Date "1987.??.??"]
[Round "6"]
[White "Short, Nigel D"]
[Black "Nunn, John D M"]
[Result "1/2-1/2"]
[WhiteElo "2615"]
[BlackElo "2585"]
[PlyCount "38"]
[EventDate "1987.??.??"]
[Source "www.chesslib.no"]
[SourceDate "2004.05.04"]

1. e4 e5 2. Nf3 Nc6 3. Bb5 a6 4. Ba4 Nf6 5. O-O Be7 6. Bxc6 dxc6 7. Qe1 Nd7 8. d4 exd4 9. Nxd4 Nc5 10. Nb3 Nxb3 11. axb3 O-O 12. Nc3 f5 13. Bf4 fxe4 14. Rd1 Bd6 15. Bxd6 cxd6 16. Nxe4 d5 17. c4 Bf5 18. cxd5 cxd5 19. Nc3 d4 1/2-1/2

[Event "ROM-chT"]
[Site "Timisu de Sus"]
[Date "1998.??.??"]
[Round "2"]
[White "Varga, Zoltan"]
[Black "Timoshenko, Georgy"]
[Result "0-1"]
[WhiteElo "2565"]
[BlackElo "2595"]
[PlyCount "84"]
[EventDate "1998.11.??"]
[Source "www.chesslib.no"]
[SourceDate "2004.05.04"]

1. e4 e5 2. Nf3 Nc6 3. Bb5 a6 4. Ba4 Nf6 5. O-O Be7 6. Bxc6 dxc6 7. d3 Nd7 8. b3 c5 9. Bb2 Bd6 10. a4 O-O 11. Nbd2 Re8 12. Nc4 f6 13. Nh4 Nf8 14. Nf5 Ne6 15. g3 Bf8 16. f4 Nd4 17. a5 Bxf5 18. exf5 exf4 19. Bxd4 Qxd4+ 20. Kg2 Qd5+ 21. Rf3 Qxf5 22. Qd2 Qd5 23. gxf4 f5 24. Ne3 Qf7 25. Re1 Bd6 26. Nc4 Rxe1 27. Qxe1 Re8 28. Re3 Qd5+ 29. Kg3 Rxe3+ 30. Qxe3 Kf7 31. Qe2 g6 32. h4 c6 33. Qe3 Bc7 34. c3 h6 35. Kf2 Qh1 36. Qxc5 Qxh4+ 37. Ke2 Qg4+ 38. Ke1 Qxf4 39. d4 Qe4+ 40. Kf1 Qb1+ 41. Kf2 Qc2+ 42. Kf1 Qxb3 0-1

[Event "Chigorin mem"]
[Site "St Petersburg"]
[Date "1998.11.04"]
[Round "5"]
[White "Balashov, Yuri S"]
[Black "Sulskis, Sarunas"]
[Result "1/2-1/2"]
[WhiteElo "2580"]
[BlackElo "2555"]
[PlyCount "21"]
[EventDate "1998.10.31"]
[Source "ChessBase"]
[SourceDate "1999.01.01"]

1. e4 e5 2. Nf3 Nc6 3. Bb5 a6 4. Ba4 Nf6 5. O-O Be7 6. Bxc6 dxc6 7. d3 Nd7 8. Nbd2 O-O 9. Nc4 Bd6 10. d4 exd4 11. Nxd6 1/2-1/2

[Event "FRA-ch"]
[Site "Val d'Isere"]
[Date "2002.08.22"]
[Round "4"]
[White "Fontaine, Robert"]
[Black "Dorfman, Josif D"]
[Result "0-1"]
[WhiteElo "2514"]
[BlackElo "2617"]
[PlyCount "88"]
[EventDate "2002.08.19"]
[Source "ChessBase"]
[SourceDate "2002.11.12"]

1. e4 e5 2. Nf3 Nc6 3. Bb5 a6 4. Ba4 Nf6 5. O-O Be7 6. Bxc6 dxc6 7. d3 Nd7 8. b3 O-O 9. Bb2 f6 10. Nbd2 Nc5 11. d4 exd4 12. Nxd4 Bd6 13. Qe2 Qe8 14. Rae1 Bd7 15. f4 Ne6 16. Nxe6 Bxe6 17. Kh1 Rd8 18. Bc3 Qe7 19. f5 Bf7 20. e5 Bxe5 21. Qg4 h5 22. Qf3 Rfe8 23. Rxe5 fxe5 24. Qg3 Bd5 25. f6 Qf7 26. h3 Rd6 27. Bxe5 Bxg2+ 28. Qxg2 Rxe5 29. Ne4 Rxe4 30. Qxe4 Re6 31. Qb4 b6 32. Qh4 Rxf6 33. Rxf6 gxf6 34. Kh2 Qd5 35. Qg3+ Kf8 36. Qg6 Qe5+ 37. Kh1 a5 38. a4 Ke7 39. Qg7+ Kd6 40. Qh7 Kc5 41. Kg2 Kb4 42. Kf3 Kc3 43. h4 Kb2 44. Qg6 b5 0-1

[Event "Munich Open 9293"]
[Site "Munich GER"]
[Date "1993.??.??"]
[Round "7"]
[White "Blatny, Pavel"]
[Black "Romanishin, Oleg M"]
[Result "1-0"]
[WhiteElo "2515"]
[BlackElo "2615"]
[PlyCount "83"]
[EventDate "1993.??.??"]
[Source "www.chesslib.no"]
[SourceDate "2004.05.04"]

1. e4 e5 2. Nf3 Nc6 3. Bb5 a6 4. Ba4 Nf6 5. O-O Be7 6. Bxc6 dxc6 7. Qe1 Nd7 8. b3 O-O 9. Bb2 Bf6 10. Na3 b5 11. Rd1 c5 12. Qe3 Re8 13. Nb1 Qe7 14. Nc3 c6 15. Ne2 Nf8 16. Ng3 g6 17. d3 Bg7 18. h3 Ra7 19. b4 Nd7 20. bxc5 Qxc5 21. Qc1 Rc7 22. d4 exd4 23. Nxd4 Ne5 24. Nb3 Qb6 25. Kh1 f6 26. Nd2 Be6 27. f4 Nc4 28. Nxc4 Bxc4 29. Rf3 c5 30. f5 Rf7 31. Qf4 g5 32. Qg4 Rd8 33. Re1 Qa5 34. Rfe3 Qxa2 35. Ba1 Qxc2 36. e5 fxe5 37. Qxg5 Rd1 38. Rxe5 Rxa1 39. Re8+ Rf8 40. Rxf8+ Kxf8 41. Qd8+ Kf7 42. Qe8+ 1-0

[Event "Minsk op"]
[Site "Minsk"]
[Date "1996.??.??"]
[Round "9"]
[White "Stripunsky, Alexander"]
[Black "Frolov, Denis"]
[Result "0-1"]
[WhiteElo "2560"]
[BlackElo "2560"]
[PlyCount "122"]
[EventDate "1996.??.??"]
[Source "www.chesslib.no"]
[SourceDate "2004.05.04"]

1. e4 e5 2. Nf3 Nc6 3. Bb5 a6 4. Ba4 Nf6 5. O-O Be7 6. Bxc6 dxc6 7. d3 Nd7 8. b3 f6 9. Bb2 Nf8 10. Nbd2 Be6 11. d4 exd4 12. Nxd4 Qd7 13. Nxe6 Nxe6 14. Qh5+ g6 15. Qe2 O-O-O 16. Rad1 Ng7 17. Nf3 Qe6 18. Nd4 Qf7 19. e5 fxe5 20. Nxc6 bxc6 21. Qxa6+ Kb8 22. Bxe5 Bc5 23. b4 Bxf2+ 24. Kh1 Rxd1 25. Rxd1 Qe7 26. b5 Rd8 27. Rb1 Qb4 28. Rf1 Nf5 29. Qxc6 Qa5 30. g4 Ne3 31. b6 Qd5+ 32. Qxd5 Rxd5 33. Bxc7+ Kb7 34. Ra1 Nc4 35. Rf1 Rd2 36. a4 Rxc2 37. Bg3 Bxg3 38. Rf7+ Kxb6 39. hxg3 Ne5 40. Rxh7 Nf3 41. g5 Ra2 42. a5+ Rxa5 43. Kg2 Ne5 44. Rh8 Kc6 45. Rf8 Kd5 46. Rf6 Ra7 47. Rf4 Rf7 48. Ra4 Ke6 49. g4 Rc7 50. Kg3 Rc4 51. Ra6+ Kd7 52. Kh3 Rc3+ 53. Kh4 Rc6 54. Ra3 Ke6 55. Kg3 Kd5 56. Ra5+ Ke4 57. Kh4 Kf4 58. Ra4+ Rc4 59. Ra6 Nf3+ 60. Kh3 Kxg5 61. Ra3 Ne5 0-1

[Event "jub30-A corr9196"]
[Site "Finland"]
[Date "1991.??.??"]
[Round "?"]
[White "Rittner, Horst R"]
[Black "Slavtschev, Petko Kolev"]
[Result "1-0"]
[WhiteElo "2595"]
[BlackElo "2520"]
[PlyCount "97"]
[EventDate "1991.??.??"]
[Source "www.chesslib.no"]
[SourceDate "2004.05.04"]

1. e4 e5 2. Nf3 Nc6 3. Bb5 a6 4. Ba4 Nf6 5. O-O Be7 6. Bxc6 dxc6 7. Qe1 c5 8. Nxe5 Qd4 9. Nd3 Qxe4 10. Qxe4 Nxe4 11. Re1 c4 12. Nf4 Nf6 13. Nc3 Kd8 14. d3 Bf5 15. Nfd5 Nxd5 16. Nxd5 Bd6 17. Ne3 Be6 18. dxc4 b5 19. cxb5 axb5 20. Bd2 b4 21. b3 Kc8 22. Nf1 Be7 23. Bf4 Bf6 24. Be5 Bxe5 25. Rxe5 Rd8 26. Ne3 Rd4 27. Kf1 Kd7 28. Nd1 Kd6 29. Re2 c5 30. c4 g5 31. Ne3 Kc6 32. f3 h5 33. Kf2 Rd3 34. Rd1 Rxd1 35. Nxd1 Bf5 36. Rb2 Be6 37. Ne3 Rd8 38. Ke2 f5 39. Rd2 Rxd2+ 40. Kxd2 f4 41. Nc2 Kd6 42. a3 bxa3 43. Nxa3 Ke5 44. Kc3 h4 45. Nc2 h3 46. gxh3 Bxh3 47. b4 g4 48. fxg4 f3 49. bxc5 1-0

[Event "Bertl von Massow Memorial 8895"]
[Site "Bertl von Massow Memorial 889"]
[Date "1989.??.??"]
[Round "?"]
[White "Richardson, Keith B"]
[Black "Kreuzer, Martin"]
[Result "1/2-1/2"]
[WhiteElo "2470"]
[BlackElo "2645"]
[PlyCount "69"]
[EventDate "1989.??.??"]
[Source "www.chesslib.no"]
[SourceDate "2004.05.04"]

1. e4 e5 2. Nf3 Nc6 3. Bb5 a6 4. Ba4 Nf6 5. O-O Be7 6. Bxc6 dxc6 7. d3 Nd7 8. Nbd2 O-O 9. b3 f6 10. Bb2 Re8 11. Nh4 Nc5 12. g3 Bh3 13. Ng2 Qd7 14. f4 Bg4 15. Nf3 exf4 16. gxf4 Ne6 17. Qd2 Bc5+ 18. Kh1 Nd4 19. Nxd4 Bxd4 20. Bxd4 Qxd4 21. Rae1 Rad8 22. Ne3 Be6 23. f5 Bf7 24. Qf2 b5 25. Qh4 c5 26. Rg1 Re7 27. Rg3 Be8 28. Reg1 Bc6 29. Qh6 Rdd7 30. Qh5 Rd8 31. Rh3 h6 32. Qg6 Kh8 33. Rg4 Qxe3 34. Rxe3 Be8 35. Qxe8+ 1/2-1/2

[Event "Mephisto-GM-Turnier"]
[Site "Altensteig"]
[Date "1993.??.??"]
[Round "11"]
[White "Vogt, Lothar"]
[Black "Romanishin, Oleg M"]
[Result "1/2-1/2"]
[WhiteElo "2495"]
[BlackElo "2615"]
[PlyCount "35"]
[EventDate "1993.07.??"]
[Source "ChessBase"]

1. e4 e5 2. Nf3 Nc6 3. Bb5 a6 4. Ba4 Nf6 5. O-O Be7 6. Bxc6 dxc6 7. d3 Nd7 8. Nbd2 O-O 9. Nc4 Bd6 10. d4 Qe7 11. b3 exd4 12. Nxd6 cxd6 13. Qxd4 Ne5 14. Nxe5 dxe5 15. Qb6 f5 16. exf5 Bxf5 17. Be3 Rf7 18. Rac1 1/2-1/2

[Event "Kislovodsk tt"]
[Site "Kislovodsk"]
[Date "1982.??.??"]
[Round "1"]
[White "Kholmov, Ratmir D"]
[Black "Beliavsky, Alexander G"]
[Result "1-0"]
[WhiteElo "2495"]
[BlackElo "2615"]
[PlyCount "95"]
[EventDate "1982.??.??"]
[Source "www.chesslib.no"]
[SourceDate "2004.05.04"]

1. e4 e5 2. Nf3 Nc6 3. Bb5 a6 4. Ba4 Nf6 5. O-O Be7 6. Bxc6 dxc6 7. d3 Nd7 8. Nbd2 O-O 9. Nc4 Bf6 10. b3 Re8 11. Bb2 c5 12. a4 b6 13. h3 Rb8 14. Nh2 b5 15. axb5 axb5 16. Ne3 Bg5 17. Qe2 Nf8 18. Nf3 Bf4 19. Nd5 Ng6 20. Ra7 Bh6 21. Rfa1 Bb7 22. Ne3 Bxe3 23. Qxe3 c4 24. dxc4 bxc4 25. b4 Qd6 26. Bc3 f6 27. Nd2 Nf4 28. Kh2 Red8 29. g3 Ne6 30. Nxc4 Qd7 31. Na5 Ba8 32. h4 g5 33. Nb3 gxh4 34. gxh4 Kh8 35. Rg1 Rg8 36. Raa1 Qf7 37. Qf3 Nf4 38. Nc5 Rg6 39. Rxg6 Qxg6 40. Rg1 Qh6 41. Rg4 Bc6 42. Bd2 f5 43. Bxf4 fxg4 44. Bxe5+ Kg8 45. Qxg4+ Qg6 46. Qxg6+ hxg6 47. c3 Rc8 48. Kg3 1-0

[Event "FRG Ch int"]
[Site "Berlin West"]
[Date "1971.??.??"]
[Round "?"]
[White "Parma, Bruno"]
[Black "Gligoric, Svetozar"]
[Result "1/2-1/2"]
[WhiteElo "2510"]
[BlackElo "2600"]
[PlyCount "35"]
[EventDate "1971.09.??"]
[Source "www.chesslib.no"]
[SourceDate "2004.05.04"]

1. e4 e5 2. Nf3 Nc6 3. Bb5 a6 4. Ba4 Nf6 5. O-O Be7 6. Bxc6 dxc6 7. d3 Nd7 8. Nbd2 O-O 9. Nc4 f6 10. Nh4 Nc5 11. Nf5 Bxf5 12. exf5 Qd7 13. Qh5 e4 14. dxe4 Nxe4 15. Rd1 Nd6 16. Bf4 Rad8 17. Nxd6 Bxd6 18. Bxd6 1/2-1/2

[Event "SSKK Bulletinen 40 years"]
[Site "SSKK Bulletinen 40 years"]
[Date "1994.??.??"]
[Round "?"]
[White "Zagorovsky, Vladimir P"]
[Black "Stern, Dieter"]
[Result "0-1"]
[WhiteElo "2565"]
[BlackElo "2540"]
[PlyCount "20"]
[EventDate "1994.??.??"]
[Source "www.chesslib.no"]
[SourceDate "2004.05.04"]

1. e4 e5 2. Nf3 Nc6 3. Bb5 a6 4. Ba4 Nf6 5. O-O Be7 6. Bxc6 dxc6 7. d3 Nd7 8. Nbd2 O-O 9. Nc4 f6 10. b3 Nc5 0-1

[Event "Chicago Open"]
[Site "Chicago"]
[Date "2004.05.30"]
[Round "5"]
[White "Stripunsky, Alexander"]
[Black "Golod, Vitali"]
[Result "0-1"]
[WhiteElo "2553"]
[BlackElo "2552"]
[PlyCount "136"]
[EventDate "2004.05.28"]
[Source "Roberto Alvarez"]
[SourceDate "2004.06.13"]

1. e4 e5 2. Nf3 Nc6 3. Bb5 a6 4. Ba4 Nf6 5. O-O Be7 6. Bxc6 dxc6 7. d3 Nd7 8. b3 c5 9. Bb2 Bd6 10. Nbd2 b5 11. Kh1 O-O 12. Ng1 Qh4 13. Ne2 Bb7 14. Nf3 Qe7 15. Ng3 g6 16. Qd2 f6 17. Ng1 c4 18. bxc4 bxc4 19. d4 exd4 20. Bxd4 Bxg3 21. hxg3 Qxe4 22. f3 Qd5 23. Qf2 Rad8 24. Ne2 Qf5 25. Nc3 Rfe8 26. Rfe1 h5 27. Rab1 Ba8 28. Re2 c5 29. Be3 Re7 30. Bf4 Rde8 31. Rxe7 Rxe7 32. Bd6 Re6 33. Rd1 Bc6 34. Kg1 Kf7 35. Qd2 g5 36. Bc7 Ne5 37. Bxe5 Qxe5 38. Kf2 Re7 39. Re1 Qd4+ 40. Qxd4 cxd4 41. Rxe7+ Kxe7 42. Ne2 d3 43. cxd3 cxd3 44. Nc3 Ke6 45. Ke3 g4 46. fxg4 hxg4 47. Kxd3 Ke5 48. Ke3 Bxg2 49. Ne2 Bd5 50. a3 Be4 51. Nc3 f5 52. Na2 a5 53. Nc3 Bc6 54. Kd3 f4 55. gxf4+ Kxf4 56. Ne2+ Ke5 57. Ke3 Kd5 58. Nd4 a4 59. Ne2 Kc4 60. Nf4 Bd7 61. Nd3 Bf5 62. Nc1 Kc3 63. Ne2+ Kb2 64. Kd4 Kxa3 65. Kc3 Ka2 66. Kb4 a3 67. Nc3+ Kb2 68. Na4+ Kc2 0-1

[Event "Rubinstein mem"]
[Site "Polanica Zdroj"]
[Date "1993.??.??"]
[Round "9"]
[White "Gdanski, Jacek"]
[Black "Romanishin, Oleg M"]
[Result "1/2-1/2"]
[WhiteElo "2485"]
[BlackElo "2615"]
[PlyCount "83"]
[EventDate "1993.08.??"]
[Source "ChessBase"]

1. e4 e5 2. Nf3 Nc6 3. Bb5 a6 4. Ba4 Nf6 5. O-O Be7 6. Bxc6 dxc6 7. Re1 Nd7 8. d4 exd4 9. Qxd4 O-O 10. Bf4 Nc5 11. Qxd8 Bxd8 12. Nc3 a5 13. Nd4 Bf6 14. e5 Be7 15. Be3 Re8 16. f4 Bf8 17. h3 f6 18. exf6 gxf6 19. f5 Bd6 20. g4 Bd7 21. Bf2 b5 22. Nb3 Nxb3 23. axb3 Rxe1+ 24. Rxe1 Kf7 25. Ne4 Re8 26. Kf1 h5 27. Bd4 hxg4 28. hxg4 c5 29. Nxc5 Rxe1+ 30. Kxe1 Bxc5 31. Bxc5 Bc6 32. Ke2 Be4 33. c3 Bc2 34. b4 axb4 35. Bxb4 c6 36. Ke3 Bd1 37. Kf4 Bc2 38. Bc5 Bb3 39. Bd4 Bc2 40. Bg1 Bb3 41. Bf2 Bd1 42. b4 1/2-1/2

[Event "London"]
[Site "?"]
[Date "1991.??.??"]
[Round "?"]
[White "Shabalov, A."]
[Black "Ivanov, Alexa"]
[Result "1-0"]
[WhiteElo "2535"]
[BlackElo "2565"]
[PlyCount "71"]
[EventDate "1991.??.??"]
[Source "ChessBase"]
[SourceDate "1991.06.01"]

1. e4 e5 2. Nf3 Nc6 3. Bb5 a6 4. Ba4 Nf6 5. O-O Be7 6. Bxc6 dxc6 7. Qe1 Nd7 8. b3 c5 9. Bb2 f6 10. Nh4 O-O 11. Nc3 g6 12. f4 exf4 13. Nd5 Bd6 14. Nxf4 Ne5 15. Qg3 g5 16. Nf5 Bxf5 17. exf5 Nc6 18. h4 h6 19. hxg5 hxg5 20. Qg4 Bxf4 21. Rxf4 Qd7 22. Re4 Rf7 23. Rae1 Raf8 24. R1e3 Rh7 25. Rd3 Qg7 26. Qe2 Rh6 27. Re8 Qf7 28. Rde3 Rxe8 29. Rxe8+ Kh7 30. Re6 Qh5 31. Qxh5 Rxh5 32. Rxf6 g4 33. Rf7+ Kh6 34. d3 Kg5 35. g3 Rh3 36. Bc1+ 1-0

[Event "Pula PCA Open"]
[Site "Pula CRO"]
[Date "1994.??.??"]
[Round "?"]
[White "Kruppa, Yuri"]
[Black "Romanishin, Oleg M"]
[Result "1/2-1/2"]
[WhiteElo "2505"]
[BlackElo "2590"]
[PlyCount "132"]
[EventDate "1994.10.??"]
[Source "www.chesslib.no"]
[SourceDate "2004.05.04"]

1. e4 e5 2. Nf3 Nc6 3. Bb5 a6 4. Ba4 Nf6 5. O-O Be7 6. Bxc6 dxc6 7. d3 Nd7 8. Nc3 Bf6 9. Be3 O-O 10. Qd2 Re8 11. Rad1 Nf8 12. d4 Bg4 13. dxe5 Bxf3 14. Qxd8 Raxd8 15. Rxd8 Bxd8 16. gxf3 Rxe5 17. f4 Re8 18. f5 Bf6 19. f3 Nd7 20. Ne2 g6 21. Ng3 Ne5 22. b3 Rd8 23. Kg2 b6 24. f4 Ng4 25. Bc1 Be7 26. h3 Nf6 27. Kf3 Nd7 28. Rg1 c5 29. fxg6 hxg6 30. Nf5 Kf8 31. Ne3 Nb8 32. Nd5 Nc6 33. c3 Rd6 34. Be3 Bd8 35. c4 Nd4+ 36. Bxd4 cxd4 37. e5 Rd7 38. Nb4 c5 39. Nd3 Rc7 40. Ke4 Be7 41. Kd5 b5 42. e6 fxe6+ 43. Ke4 bxc4 44. bxc4 Bf6 45. Rxg6 Kf7 46. Rh6 Kg7 47. Rh5 Kg6 48. Rxc5 Rh7 49. Nf2 Rb7 50. Ra5 Rb4 51. Rxa6 Rxc4 52. Rxe6 Kf7 53. f5 Ra4 54. Ng4 d3+ 55. Kxd3 Ba1 56. Nh6+ Kf8 57. Rg6 Rxa2 58. Ke4 Ra4+ 59. Kd5 Ra5+ 60. Ke4 Ra3 61. f6 Bxf6 62. Rxf6+ Kg7 63. Re6 Rxh3 64. Nf5+ Kf7 65. Ke5 Ra3 66. Re7+ Kg6 1/2-1/2

[Event "Bad Lauterberg"]
[Site "Bad Lauterberg"]
[Date "1991.??.??"]
[Round "8"]
[White "Luther, Thomas"]
[Black "Romanishin, Oleg M"]
[Result "1/2-1/2"]
[WhiteElo "2495"]
[BlackElo "2600"]
[PlyCount "82"]
[EventDate "1991.11.??"]
[Source "ChessBase"]

1. e4 e5 2. Nf3 Nc6 3. Bb5 a6 4. Ba4 Nf6 5. O-O Be7 6. Bxc6 dxc6 7. Nc3 Nd7 8. d4 exd4 9. Nxd4 O-O 10. Nf5 Bf6 11. Bf4 Ne5 12. Bxe5 Bxe5 13. Qxd8 Rxd8 14. Ne7+ Kf8 15. Nxc8 Bxc3 16. bxc3 Raxc8 17. Rfd1 Rd6 18. Rd3 Re8 19. f3 Re5 20. Rb1 b5 21. Kf2 Ke7 22. Ke3 f5 23. Rd4 Rc5 24. Kd2 fxe4 25. Re1 Re5 26. Rexe4 Rxe4 27. fxe4 Rg6 28. g3 Rh6 29. h4 Rg6 30. Rd3 Rg4 31. Re3 Ke6 32. Ke2 Ke5 33. Kf3 h5 34. c4 b4 35. a3 a5 36. axb4 axb4 37. c5 Rg6 38. Rb3 Rf6+ 39. Ke3 Rg6 40. Kf3 Rf6+ 41. Ke3 Rg6 1/2-1/2

[Event "URS-FL"]
[Site "Baku"]
[Date "1977.??.??"]
[Round "3"]
[White "Savon, Vladimir A"]
[Black "Kuzmin, Gennadi P"]
[Result "1/2-1/2"]
[WhiteElo "2540"]
[BlackElo "2550"]
[PlyCount "35"]
[EventDate "1977.??.??"]
[Source "ChessBase"]

1. e4 e5 2. Nf3 Nc6 3. Bb5 a6 4. Ba4 Nf6 5. O-O Be7 6. Bxc6 dxc6 7. Re1 Qd6 8. d4 Bg4 9. Nbd2 Nd7 10. Nc4 Qe6 11. Ncxe5 Nxe5 12. dxe5 Rd8 13. Qe2 O-O 14. h3 Bxf3 15. Qxf3 Qxe5 16. Qf5 Qxf5 17. exf5 Rfe8 18. Bf4 1/2-1/2

[Event "Altensteig"]
[Site "?"]
[Date "1992.??.??"]
[Round "?"]
[White "Vogt, L."]
[Black "Romanishin, O."]
[Result "1/2-1/2"]
[WhiteElo "2530"]
[BlackElo "2555"]
[PlyCount "121"]
[EventDate "1992.??.??"]
[Source "ChessBase"]
[SourceDate "1992.06.01"]

1. e4 e5 2. Nf3 Nc6 3. Bb5 a6 4. Ba4 Nf6 5. O-O Be7 6. Bxc6 dxc6 7. d3 Nd7 8. Nbd2 O-O 9. Nc4 Bf6 10. b3 Re8 11. Bb2 c5 12. h3 b5 13. Ne3 Nf8 14. Nd5 Ng6 15. Qc1 Bb7 16. Nxf6+ Qxf6 17. Nxe5 Nxe5 18. f4 Nxd3 19. cxd3 Qb6 20. Kh2 Rad8 21. Rf3 f6 22. Rg3 Re7 23. Ba3 b4 24. Bb2 Rf7 25. Qc4 a5 26. Rc1 Ba6 27. Qxc5 Rxd3 28. e5 Rxg3 29. Kxg3 fxe5 30. Bxe5 Qg6+ 31. Kh2 Rd7 32. Qa7 Qb6 33. Qa8+ Kf7 34. Qe4 Bd3 35. Qf3 Qg6 36. Rc6 Qf5 37. Qg3 Kg8 38. Rc5 Be4 39. Bd4 Qf8 40. Qe3 Bd5 41. Rxa5 h6 42. Bc5 Qf5 43. Bxb4 Kh7 44. Rc5 c6 45. Bc3 Rd6 46. Qe5 Qf8 47. Qe3 Qf5 48. Be5 Rg6 49. g4 Qb1 50. Qf2 h5 51. g5 h4 52. Qxh4+ Rh6 53. g6+ Qxg6 54. Qg3 Qf7 55. Rc1 Be6 56. Rg1 g6 57. Kg2 Rxh3 58. Rh1 Bd5+ 59. Kxh3 Qf5+ 60. Qg4 Bxh1 61. Kh4 1/2-1/2

[Event "A.E. Axelsson Memorial 8493"]
[Site "A.E. Axelsson Memorial 8493"]
[Date "1984.??.??"]
[Round "?"]
[White "Heilemann, Paul G"]
[Black "Oim, Tonu O"]
[Result "0-1"]
[WhiteElo "2515"]
[BlackElo "2565"]
[PlyCount "158"]
[EventDate "1984.??.??"]
[Source "www.chesslib.no"]
[SourceDate "2004.05.04"]

1. e4 e5 2. Nf3 Nc6 3. Bb5 a6 4. Ba4 Nf6 5. O-O Be7 6. Bxc6 dxc6 7. d3 Qd6 8. Nbd2 Be6 9. Ng5 O-O-O 10. Nxe6 Qxe6 11. Qe1 h5 12. Nc4 h4 13. Bg5 Nh5 14. Bxe7 Qxe7 15. Qe3 Nf4 16. Kh1 Qg5 17. Rg1 Qh5 18. h3 Rd4 19. Nd2 Rhd8 20. Qf3 Qg5 21. Qg4+ Qxg4 22. hxg4 f6 23. a4 a5 24. Rge1 b6 25. Kg1 Rh8 26. Nf3 Rdd8 27. Kh2 Rh6 28. Ng1 c5 29. Nh3 Ne6 30. b3 Kb7 31. Rf1 Rg6 32. f3 Kc6 33. Rad1 Kd6 34. Kg1 c6 35. Kf2 Rh6 36. Ra1 Rh7 37. Rfd1 Ra8 38. Ra2 g5 39. c3 Kc7 40. Ng1 Rd8 41. Ke3 Rhd7 42. Ne2 Nf4 43. Nc1 Kb7 44. c4 Ka6 45. Rc2 Rd4 46. Rdd2 R8d6 47. Rc3 b5 48. cxb5+ cxb5 49. axb5+ Kxb5 50. Rdc2 Kb6 51. Rd2 Rb4 52. Kf2 Ne6 53. g3 Rd8 54. gxh4 gxh4 55. Ra2 Rbd4 56. Rac2 R4d7 57. Kg1 Ra7 58. Kh2 Rd4 59. Kh3 Rh7 60. Ne2 Rb4 61. Nc1 Rh6 62. Kh2 Kc6 63. Rf2 Kd6 64. Ne2 a4 65. bxa4 Rxa4 66. Nc1 Rh8 67. Rb2 Rb4 68. Ra2 Nd4 69. Rf2 Rb1 70. f4 exf4 71. Rxf4 Rb2+ 72. Kh1 Rh6 73. Rc4 Rg6 74. Rf1 h3 75. Ra4 Rxg4 76. Ra2 Rgg2 77. Rxb2 Rxb2 78. Rxf6+ Ke5 79. Rf1 Rc2 0-1

[Event "Cappelle Open"]
[Site "Cappelle la Grande FRA"]
[Date "1995.??.??"]
[Round "4"]
[White "Muhutdinov, Marat"]
[Black "Romanishin, Oleg M"]
[Result "0-1"]
[WhiteElo "2485"]
[BlackElo "2595"]
[PlyCount "106"]
[EventDate "1995.03.??"]
[Source "www.chesslib.no"]
[SourceDate "2004.05.04"]

1. e4 e5 2. Nf3 Nc6 3. Bb5 a6 4. Ba4 Nf6 5. O-O Be7 6. Bxc6 dxc6 7. Qe2 Nd7 8. d4 exd4 9. Nxd4 O-O 10. Nc3 Bf6 11. Be3 Qe8 12. f4 c5 13. Nf5 Bxc3 14. bxc3 Nf6 15. e5 Bxf5 16. exf6 Qe6 17. fxg7 Rfe8 18. Rfe1 b6 19. h3 Qg6 20. Kh2 Bxc2 21. Qf2 Rad8 22. g4 Be4 23. Rad1 Rxd1 24. Rxd1 Qxg7 25. Qd2 Qf6 26. f5 Bf3 27. Bg5 Qe5+ 28. Bf4 Qe7 29. Rf1 Bc6 30. Kg3 f6 31. a3 b5 32. Rd1 Qe4 33. Rf1 Qe7 34. g5 fxg5 35. Bxg5 Qe5+ 36. Kh4 Qd5 37. f6 Kf7 38. Qxd5+ Bxd5 39. Bf4 c6 40. Bd6 Re3 41. Bxc5 Rxc3 42. Bb4 Rc4+ 43. Kg3 c5 44. Bd2 Rd4 45. Be3 Rd3 46. Kf4 c4 47. Bc5 Rxh3 48. Be7 c3 49. Ke5 Bb3 50. Bb4 c2 51. Bd2 Rd3 52. Bh6 Rd5+ 53. Kf4 Rd1 0-1

[Event "Groningen op"]
[Site "Groningen"]
[Date "1993.??.??"]
[Round "8"]
[White "Frolov, Artur"]
[Black "Magerramov, Elmar"]
[Result "1/2-1/2"]
[WhiteElo "2535"]
[BlackElo "2545"]
[PlyCount "24"]
[EventDate "1993.12.??"]
[Source "ChessBase"]

1. e4 e5 2. Nf3 Nc6 3. Bb5 a6 4. Ba4 Nf6 5. O-O Be7 6. Bxc6 dxc6 7. d3 Nd7 8. b3 O-O 9. Bb2 f6 10. Nc3 Nc5 11. Ne2 Re8 12. Nd2 Ne6 1/2-1/2

[Event "Tatran Cup"]
[Site "Stary Smokovec"]
[Date "1990.??.??"]
[Round "5"]
[White "Blatny, Pavel"]
[Black "Razuvaev, Yuri S"]
[Result "1/2-1/2"]
[WhiteElo "2510"]
[BlackElo "2570"]
[PlyCount "20"]
[EventDate "1990.??.??"]
[Source "ChessBase"]

1. e4 e5 2. Nf3 Nc6 3. Bb5 a6 4. Ba4 Nf6 5. O-O Be7 6. Bxc6 dxc6 7. Qe1 Nd7 8. b3 O-O 9. Bb2 f6 10. d4 exd4 1/2-1/2

[Event "13. Kostic Memorial, Vrsac"]
[Site "YUBASE (Editor: M. Crnic)"]
[Date "1989.??.??"]
[Round "10"]
[White "Velimirovic, Dragoljub"]
[Black "Ivanovic, Bozidar"]
[Result "1/2-1/2"]
[WhiteElo "2535"]
[BlackElo "2545"]
[PlyCount "27"]
[EventDate "1989.??.??"]
[Source "www.chesslib.no"]
[SourceDate "2004.05.04"]

1. e4 e5 2. Nf3 Nc6 3. Bb5 a6 4. Ba4 Nf6 5. O-O Be7 6. Bxc6 dxc6 7. Re1 Nd7 8. c3 O-O 9. d4 exd4 10. cxd4 Nb6 11. h3 c5 12. d5 f5 13. Nc3 fxe4 14. Nxe4 1/2-1/2